000 00646nam a2200241Ia 4500
003 OSt
005 20220928105932.0
006 a|||||r|||| 00| 0
007 ta
008 220927b |||||||| |||| 00| 0 eng d
024 _a24838
037 _cTextual
040 _aSDCL
_cSDCL
_beng
041 _2eng
_aeng
082 _aI21:f3, N0
100 _aSpencer J F T Ed.
_9417330
245 0 _aYeasts technology.
260 _aLondon
_bSpringer-Verlag
_c1990
300 _a407p
_ccm.
700 _a Spencer D M Ed.
_9417331
942 _hI21:f3, N0
_cTEXL
_2CC
999 _c733323
_d733323